| 000 | 01323nam a22003734i 4500 | ||
|---|---|---|---|
| 999 |
_c64371 _d64371 |
||
| 001 | 768714001 | ||
| 003 | CO-MdFUSB | ||
| 005 | 20180815075938.0 | ||
| 008 | 180808t1969 sp ||||| |||| 00| 0 spa d | ||
| 040 |
_aCO-MdFUSB _bspa _cCO-MdFUSB _dCO-MdFUSBC _erda |
||
| 041 | _aspa | ||
| 082 |
_223 _a224.907 _bM758 |
||
| 100 |
_aMontagne, George T. _eautor |
||
| 240 | _aOld Testament Reading Gude : The books of Zephania, Nahum, Habakkuk, Lamentation, Obadiah | ||
| 245 |
_aLos libros de Sofonías, Nahúm, Habacuc, Lamentaciones y Abdías _c/ George T. Montagne ; traductor Jose M. Gondra |
||
| 264 | 1 |
_aEspaña : _bSalterrae, _c℗[1970]. |
|
| 264 | 4 | _c©1970. | |
| 300 |
_a143 páginas _c; 17 cm |
||
| 336 |
_2rdacontent _atexto _btxt |
||
| 337 |
_2rdamedia _asin mediación _bn |
||
| 338 |
_2rdacarrier _avolumen _bnc |
||
| 490 | 1 | _aConoce la biblia : Antiguo Testamento. | |
| 505 |
_tSofonías. -- _tNahúm. -- _tHabacuc. -- _tLamentaciones. -- _tAbdías. |
||
| 563 | _aTapa rústica | ||
| 630 | 0 | 7 |
_aBiblia. _pProfetas |
| 630 | 0 | 7 |
_aBiblia. _pSofonías |
| 630 | 0 | 7 |
_aBiblia. _pNahum |
| 630 | 0 | 7 |
_aBiblia. _pHabacuc |
| 630 | 0 | 7 |
_aBiblia. _pLamentaciones |
| 630 | 0 | 7 |
_aBiblia. _pAbdias |
| 700 |
_aGondra, José M. _etraductor _91316 |
||
| 830 |
_aConoce la biblia : Antiguo Testamento _vo. 19 |
||
| 942 | _cBK | ||